000 00563nam a2200181 i 4500
001 98140
003 ES-MaACL
005 20230906182225.0
007 t|
008 050726s1972 sp ||||1| spa d
100 1 _aMarsch, Wolf-Dieter.
_977113
245 1 0 _aDiscursión sobre teología de la esperanza /
_cW. D. Marsch, J. Moltmann; [tradujo José María Mauleón].
260 _aSalamanca :
_bSígueme,
_c1972.
300 _a222 p. ;
_c21 cm.
700 1 _aMoltmann, J.
_982070
700 1 _aMauleón, José M.
_979202
852 _aES-MaACL
_jC-47957
_bR.82479
999 _c98140
_d98140